00000000nam##2200000za#4500
0019.525507
003CaOODSP
00520220623094106
007ta
008150406|1995||||xxc|||||     f|0| 0 fre|d
020 |a0-662-61682-0
040 |aCaOODSP|bfre
041 |aeng
041 |afre
043 |an-cn---
0861 |aC21-23/3
1101 |aCanada.|bIndustrie Canada. |bDirection de l'analyse micro-économique.
24513|aLe rôle des consortiums de R-D dans le développement de la technologie / |cpar Vinod Kumar et Sunder Magun.
260 |aOttawa - Ontario : |bIndustrie Canada. |c1995.
300 |aTexte français, vii, 89p. : |bréférences, tableaux ; |c23 cm.
4901 |aDocument hors série|vN° 3, février 1995
500 |a«Les consortiums de technologie sont des alliances technologiques entre des entreprises, des universités et des gouvernements. [...] La présente étude analyse le rôle des consortiums de R-D dans le développement des technologies. Nous avons principalement centré notre attention sur la croissance des consortiums de technologie aux États-Unis, la participation d'entreprises canadiennes à ces consortiums et les obstacles institutionnels à la participation canadienne aux alliances américaines de R-D.»--Résumé.
5203 |aLes consortiums de technologie sont des alliances technologiques entre des entreprises, des universités et des gouvernements. [...] La présente étude analyse le rôle des consortiums de R-D dans le développement des technologies. Nous avons principalement centré notre attention sur la croissance des consortiums de technologie aux États-Unis, la participation d'entreprises canadiennes à ces consortiums et les obstacles institutionnels à la participation canadienne aux alliances américaines de R-D.--Résumé
546 |aBilingue
563 |aCouverture souple
69107|aRecherche et développement|2gcpds
69107|aTechnologie|2gcpds
7201 |aKumar, Vinod
7201 |aMagun, Sunder
7760#|tLe rôle des consortiums de R-D dans le développement de la technologie : |w(CaOODSP)9.601219
7760#|tThe role of R&D consortia in technology development : |w(CaOODSP)9.570570
791 |tThe role of R&D consortia in technology development / |eeng|w(CaOODSP)9.525506
830#0|aDocument hors série (Canada. Industrie Canada)|vN° 3, février 1995|w(CaOODSP)9.509051